01321nam a22002537a 450000500170000000800380001702000310005502000210008602000210010702000210012802000210014905000250017024501090019526000720030430000190037649000440039550001720043950400390061150502770065065000450092770000320097270000370100470000260104120150124124024.0101011t cr||||| |||| 00| 0 spa d a9968380806 (obra completa) a9968380008 (V.1) a9968380024 (V.2) a9968380040 (V.3) a9968380067 (V.4)04aKHA2501.C9bC53 200100aClásicos de la teoría general del proceso /cJames Goldschmidt, Niceto Alcalá-Zamora, Hugo Alsina. aSan José, Costa Rica :bEditorial Jurídica Universitaria,c2001 a4 v. ;c29 cm. 0aBiblioteca grandes maestros del derecho aEn la portada : La revisión, edición y características gráficas actuales de esta obra fueron realizadas por la Asociación de Investigaciones Jurídicas, A.C aIncluye bibliografías e índice0 aContenido : V.1 Principios generales del proceso / James Goldschmidt -- V.2 Proceso, autocomposición y autodefensa / Niceto Alcalá Zamora -- V.3 Estudios de teoría e historia del proceso / Niceto Alcalá Zamora -- V.4 Fundamentos de derecho procesal / Hugo Alsina.  72LembaDerecho - ProcedimientozArgentina1 aGoldschmidt, James,ecoaut.1 aAlcalá-Zamora, Niceto,ecoaut.1 aAlsina, Hugo,ecoaut.